000 00533nam a2200217Ia 4500
003 0100
008 130307s9999 xx 000 0 und d
020 _a0618116257
040 _cARRUPELIB
050 _aCB361.H846 2002
100 _aSchiffman , Zachary S
245 _aHumanism and the renaissance
260 _aBoston
260 _bHoughton Mifflin co.
260 _c2002
300 _aviii
300 _b254p. 21cm.
440 _aProblems in European Civilisation Series
650 _bPhilosophy of God
942 0 0 _01
999 _c94890
_d94890